000 01153nam a2200241 i 4500
001 161649
003 ES-MaACL
005 20251005063127.0
008 920914s1863 sp a |||| |dspa d
080 _a929 Pellico, Silvio
080 _a821.131.1-94"18"
100 1 _aPellico, Silvio,
_d1789-1854
_9130947
245 1 0 _aMis prisiones
_b: contiene además los capítulos inéditos, un apéndice por Antonio de Latour, con noticias históricas y biográficas de algunos prisioneros de Spielberg, y las notas y explicaciones históricas estractadas y traducidas de las adiciones de Pedro Maroncelli /
_cSilvio Pellico.
250 _aEd. il.
260 _aMadrid :
_b[s.n.],
_c1863 (
_fImp. del Estab. de Mellado, a cargo de Joaquín Bernat)
300 _aXXVI, 320 p. :
_bil. ;
_c24 cm.
530 _aDisponible en formato digital.
600 1 7 _aPellico, Silvio,
_d1789-1854
_2
_9130947
700 1 _aLatour, Antoine de (
_d1808-1881)
_9128733
852 _aES-MaACL
_jD-145
_z- Enc. hol.
_z. - Donativo Lastres
856 _uhttp://bdh-rd.bne.es/viewer.vm?id=0000086658&page=1
_zBiblioteca Digital Hispánica
999 _c161649
_d161649